| 000 | 00564cam a22002051 4500 | ||
|---|---|---|---|
| 001 | pa 55000206 | ||
| 003 | DLC | ||
| 005 | 20260227111853.0 | ||
| 008 | 880406s1954 dcuac 000 0 eng c | ||
| 010 | _apa 55000206 | ||
| 035 | _a(OCoLC)17744768 | ||
| 040 |
_aPan American Union. Library _cLNT _dLNT _dDLC |
||
| 042 | _apremarc | ||
| 050 | 0 | 0 |
_aF3442 _b.P719 |
| 110 | 2 | _aPan American Union. | |
| 245 | 0 | 0 | _aFrancisco Pizarro. |
| 260 |
_aWashington _c[1954] |
||
| 300 |
_a15 p. _billus., port. _c23 cm. |
||
| 600 | 1 | 0 |
_aPizarro, Francisco, _dapproximately 1475-1541. |
| 999 |
_c51275 _d51275 |
||